000 00759nam a2200229Ia 4500
003 GCL
008 140319s9999 xx 000 0 ara d
040 _aGCL /
_cGCL
082 0 4 _a891.47
_bى ا
100 1 _aعبدالقادر القط
245 1 0 _aا. ب. تشيكوف /
_cعبدالقادر القط
700 1 _aفؤاد كامل (مترجم)
700 1 _aيرميلوف، فلاديمير
260 _aالقاهرة :
_bمطابع الناشر العربى
300 _a424 ص:
_bايض ؛
_c18 سم
490 _aمطبوعات الشرق
_v0
650 0 4 _aالادباء
650 0 4 _aالادباء الروسيون
650 0 4 _aانطون تشيخوف
650 0 4 _aالادب الروسى - تاريخ ونقد
942 _2ddc
_cBK
999 _c47615
_d47615